Les municipalités de la MRC du Haut-Saint-François en Estrie - Statistiques

Statistiques générales
  • Ce quiz a été pris 20 fois
  • Le résultat moyen est 6 sur 14
Statistiques - réponses
Population (hab) Désignation Municipalité % Correct
3 365 M Ascot Corner
100%
5 446 V Cookshire-Eaton
100%
3 909 V East Angus
100%
1 196 M Bury
50%
1 888 M Dudswell
50%
815 M La Patrie
50%
485 V Scotstown
50%
2 748 M Weedon
50%
1 077 CT Westbury
50%
297 M Chartierville
0%
183 CT Hampden
0%
472 CT Lingwick
0%
740 M Newport
0%
693 M Saint-Isidore-de-Clifton
0%
Aucun quiz correspondant
Distribution des résultats
% des personnes avec chaque résultat
Percentile par nombre de réponses
Votre historique - résultats
Vous n’avez pas pris ce quiz